Estadísticas para Estados y Provincias que Tocan los Grandes Lagos

Haz click aquí para intentar la prueba.

Estadísticas generales

  • Esta prueba ha sido intentada 747 veces
  • La puntuación promedio es 7 de 9

Estadísticas de respuestas

Estado o Provincia% Correcto
Míchigan
94%
Illinois
82%
Ohio
82%
Nueva York
78%
Indiana
75%
Ontario
74%
Wisconsin
74%
Minnesota
67%
Pensilvania
66%

Distribución de puntuación

Porcentaje por número respondido

Porcentaje de gente con cada puntuación

Historial de tus puntuaciones

No has intentado esta prueba.